00285nam a2200109Ia 4500008004100000020002200041082001300063100002000076245003900096260002600135300001400161191014s9999 xx 000 0 und d a978-81-317-2193-3 a530bWOL aRichard Wolfson 0aEssential University Physics Vol 1 aIndiabPearson c2009 aXviii,325